লোডিং...

Conflicts of interest: my journey through India's Green movement/

গ্রন্থ-পঞ্জীর বিবরন
প্রধান লেখক: Sunita Narain
ভাষা:English
প্রকাশিত: Gurgaon Penguin Random House India Pvt Ltd, 2017
LEADER 00555 a2200145 4500
008 181020b xxu||||| |||| 00| 0 eng d
999 |c 186460  |d 186460 
020 |a 9780670088881 
084 |2 cc  |a G:55:542.2 
100 |a Sunita Narain 
245 |a Conflicts of interest:  |b my journey through India's Green movement/ 
260 |b Penguin Random House India Pvt Ltd,   |c 2017  |a Gurgaon 
300 |b 227p. 
942 |c GEN 
952 |0 0  |1 0  |4 0  |6 G_55542_2_000000000000000_Q7  |7 0  |9 326379  |a LIB  |b LIB  |d 2018-02-02  |e 1  |g 461.23  |l 1  |o G:55:542.2 Q7  |p 306239  |r 2018-11-26  |s 2018-10-26  |v 599.00  |y GEN